000 00553cam a22002053a 4500
001 34262
003 PGUSA
005 20140828083735.0
008 110924s2011||||xxu|||||s|||||000 | eng d
040 _aPGUSA
_beng
042 _adc
100 1 _aLee, J. F.
245 1 0 _aOctavia :
_bThe Octoroon
_h[electronic resource] /
_cJ. F. Lee
260 _bProject Gutenberg,
_c2011
506 _aPublic domain in the USA.
516 _aElectronic text
830 0 _aProject Gutenberg
_v34262
856 4 0 _uhttp://www.gutenberg.org/ebooks/34262
942 _cEB
999 _c263517
_d263517